Statistics for Hawaiian Airlines Destinations-Honolulu

Click here to take the quiz!

General Stats

  • This quiz has been taken 108 times
  • The average score is 21 of 30

Answer Stats

CountryAirport% Correct
AustraliaSydney
99%
JapanTokyo-Haneda
97%
JapanTokyo-Narita
97%
USALos Angeles
96%
USASan Francisco
95%
New ZealandAuckland
95%
South KoreaSeoul
95%
USASeattle
94%
JapanOsaka
92%
USASan Diego
90%
USANew York
88%
USALas Vegas
88%
AustraliaBrisbane
87%
USAPortland
83%
USAPhoenix
81%
USABoston
71%
USASan Jose
68%
JapanSapporo
67%
USASacramento
65%
USA*Hilo
64%
France-PolynesiaPapeete
64%
USAOakland
63%
USA*Kahului
49%
USA-SamoaPago Pago
46%
USA*Lihue
44%
USALong Beach
40%
USA*Lanai
35%
USA*Kailua-Kona
27%
USA*Lahaina
12%
USA*Kaunakakai
12%

Score Distribution

Percentile by Number Answered

Percent of People with Each Score

Your Score History

You have not taken this quiz